|
|
|
|
| LEADER |
01202nam a22002772a 4500 |
| 001 |
000174525 |
| 003 |
CZ BrMZK |
| 005 |
20050428094519.0 |
| 008 |
010907s1991 xr f cze d |
| 015 |
|
|
|a cnb000066894
|
| 035 |
|
|
|a (OCoLC)85681087
|
| 040 |
|
|
|a BOA001
|b cze
|
| 080 |
|
|
|a 621.43(075)
|2 MRF
|
| 100 |
1 |
|
|a Píštěk, Václav,
|d 1947-
|7 xx0034887
|
| 245 |
1 |
0 |
|a Výpočetní metody ve stavbě spalovacích motorů /
|c Václav Píštěk, Josef Štětina
|
| 250 |
|
|
|a 1. vyd.
|
| 260 |
|
|
|a Brno :
|b Vysoké učení technické,
|c 1991
|
| 300 |
|
|
|a 129 s.
|
| 700 |
1 |
|
|a Štětina, Josef,
|c strojní inž.
|
| 910 |
|
|
|a BOA001
|b TK-A-0248.013
|
| 990 |
|
|
|a BK
|
| 996 |
7 |
|
|b 2629971059
|c TK-A-0248.013
|l MZK
|r Sklad / do 24 hodin
|n 13
|w 000174525
|u 000050
|a 1
|e BOA001
|j MZK50
|s A
|
| 996 |
7 |
|
|b 2629988701
|c TK-A-0248.013
|l MZK
|r Sklad / do 24 hodin
|n 19
|w 000174525
|u 000010
|a 1
|e BOA001
|j MZK50
|s A
|
| 996 |
7 |
|
|b 2629988702
|c TK-A-0248.013
|l MZK
|r Sklad / do 24 hodin
|n 2
|w 000174525
|u 000020
|a 1
|e BOA001
|j MZK50
|s A
|
| 996 |
7 |
|
|b 2629988703
|c TK-A-0248.013
|l MZK
|r Sklad / do 24 hodin
|n 0
|w 000174525
|u 000030
|a 1
|e BOA001
|j MZK50
|s A
|
| 996 |
7 |
|
|b 2629988704
|c TK-A-0248.013
|l MZK
|r Sklad / do 24 hodin
|n 2
|w 000174525
|u 000040
|a 1
|e BOA001
|j MZK50
|s A
|